| 000 | 00542nam a22001697a 4500 | ||
|---|---|---|---|
| 003 | LC | ||
| 005 | 20170228112324.0 | ||
| 008 | 121210t xxu||||| |||| 00| 0 eng d | ||
| 020 | _a9718927018 | ||
| 050 |
_aHF 1599 _b.R175 1994 |
||
| 082 |
_aFIL 320.9599 _bR14 1994 |
||
| 100 | _aRamos, Fidel V. | ||
| 245 |
_aTime for take off : _cFidel V. Ramos _bthe Philippines is ready for competitive performance in the Asia-Pacific / |
||
| 260 |
_a[Manila] : _bFriends of Steady Eddie, _c1994. |
||
| 300 |
_a220 p. : _bill. ; _c23 cm. |
||
| 942 |
_2lcc _cBK |
||
| 999 |
_c1591 _d1591 |
||